000 01280nam0a2200361 4500
001 RU\NLR\bibl\291617
005 20250620142529.0
010 _a5-02-018243-5
_9300
021 _aRU
_b2002-15225
_9764
035 _a(NLR Aleph) 000286980
090 _a1679957
_c1679957
100 _a20020723d2001 |||y0rusy50 ca
101 0 _arus
102 _aRU
105 _ay |||||||||
200 1 _aАфрика в лабиринтах модернизации
_fВ.В. Павлова
_gРос. акад. наук, Ин-т Африки
210 _aМ.
_cВост. лит.
_cПандора-1
_d2001
215 _a224 с.
_d21
607 _aАфриканские страны
_xНародное хозяйство
_91059037
_3RU\NLR\auth\6692338
610 0 _aЭкономика
610 0 _aВнешняя торговля стран Африки
610 0 _aАфрика, междунар. экон. отношения
675 _a339.9(6)
_v3
_zrus
686 _a06.51
_2rugasnti
686 _a65.5
_2rubbk
686 _aУ03(6)63
700 1 _aПавлова
_bВ. В.
_gВера Васильевна
_4070
801 0 _aRU
_bRKP
_c20020723
_gPSBO
801 1 _aRU
_bRKP
_c20020723
801 2 _aRU
_bNLR
_c20031112
_grcr
942 _cBOOK
980 _aNB